Sometimes (Ariana Grande) - lyrics - Statistics

General Stats
  • This quiz has been taken 62 times
    60 since last reset
  • The average score is 338 of 383
Answer Stats
Answer % Correct
I
100%
so
100%
A
97%
it
97%
It
97%
La
97%
la
97%
my
97%
sometimes
97%
you
97%
You
97%
be
93%
cause
93%
Cause
93%
Even
93%
even
93%
go
93%
is
93%
Is
93%
me
93%
mind
93%
not
93%
Not
93%
Now
93%
now
93%
of
93%
on
93%
road
93%
the
93%
we're
93%
Are
90%
baby
90%
dont
90%
moments
90%
never
90%
see
90%
think
90%
to
90%
aint
87%
down
87%
going
87%
honest
87%
let's
87%
letting
87%
Tattoos
87%
This
87%
thought
87%
all
83%
but
83%
But
83%
collecting
83%
here
83%
Oh
83%
us
83%
emotions
80%
leaving
80%
love?
80%
nowhere
80%
you're
80%
hard
77%
Hard
77%
I'm
77%
it's
77%
I've
77%
know
77%
unusual
77%
when
77%
been
73%
feel
73%
I'd
73%
if
73%
into
73%
there
73%
used
73%
why
73%
around
70%
beautiful
70%
For
70%
kissing
70%
little
70%
tempted
70%
too
70%
touching
70%
breathe
67%
reckless
67%
up
67%
what
67%
boy
63%
does
63%
easy
63%
fear?
63%
someone
63%
Still
63%
caught
60%
steal
60%
worked
60%
cautious
57%
Should've
57%
they're
57%
turned
57%
lust?
53%
dust
50%
and
47%
babe
43%
No matching quizzes found
Score Distribution
Percent of People with Each Score
Percentile by Number Answered
Your Score History
You have not taken this quiz since the last reset